Understanding the Essentials of Critical Care Nursing (Record no. 15589)
[ view plain ]
| 000 -LEADER | |
|---|---|
| fixed length control field | 00510nam a22001457a 4500 |
| 008 - FIXED-LENGTH DATA ELEMENTS--GENERAL INFORMATION | |
| fixed length control field | 160202b xxu||||| |||| 00| 0 eng d |
| 020 ## - INTERNATIONAL STANDARD BOOK NUMBER | |
| International Standard Book Number | 0132724154 |
| 100 ## - MAIN ENTRY--PERSONAL NAME | |
| Personal name | Perrin Kathleen Ouimet |
| 245 ## - TITLE STATEMENT | |
| Title | Understanding the Essentials of Critical Care Nursing |
| Statement of responsibility, etc. | Kathleen Ouimet Perrin |
| 250 ## - EDITION STATEMENT | |
| Edition statement | 2nd Edition |
| 260 ## - PUBLICATION, DISTRIBUTION, ETC. (IMPRINT) | |
| Place of publication, distribution, etc. | United States of America |
| Name of publisher, distributor, etc. | Pearson Education, Inc |
| Date of publication, distribution, etc. | 2013 |
| 300 ## - PHYSICAL DESCRIPTION | |
| Extent | xx, 579 p. |
| Other physical details | ill. |
| 700 ## - ADDED ENTRY--PERSONAL NAME | |
| Personal name | Carrie Edgerly Macleod |
| 942 ## - ADDED ENTRY ELEMENTS (KOHA) | |
| Source of classification or shelving scheme | Library of Congress Classification |
| Koha item type | General Collection |
| Edition | 2nd Edition |
| Classification part | RT 120 |
| Call number prefix | .P47 2013 C.1 |
| Withdrawn status | Lost status | Source of classification or shelving scheme | Not for loan | Home library | Current library | Shelving location | Date acquired | Coded location qualifier | Total Checkouts | Full call number | Barcode | Date last seen | Date last checked out | Copy number | Price effective from | Koha item type |
|---|---|---|---|---|---|---|---|---|---|---|---|---|---|---|---|---|
| Library of Congress Classification | Kabarak, Main Campus | Kabarak, Main Campus | General Stacks | 02/02/2016 | 7946 | 4 | RT 120. P 47 2013 C.1 | 016841 | 17/11/2022 | 22/02/2022 | c.1 | 02/02/2016 | General Collection |